Histories and Historiography of Northeast India (Record no. 5163)

MARC details
000 -LEADER
fixed length control field 00585cam a2200205ua 4500
001 - CONTROL NUMBER
control field 6015
005 - DATE AND TIME OF LATEST TRANSACTION
control field 20260515113952.0
008 - FIXED-LENGTH DATA ELEMENTS--GENERAL INFORMATION
fixed length control field 131109n ii |||gr||||Z||||||eng
020 ## - INTERNATIONAL STANDARD BOOK NUMBER
International Standard Book Number 978-81-8370-320-8
040 ## - CATALOGING SOURCE
Transcribing agency MAIN
082 ## - DEWEY DECIMAL CLASSIFICATION NUMBER
Classification number 907.202
100 ## - MAIN ENTRY--PERSONAL NAME
Personal name Bhattacharjee,J.B,
Relator term Editor.,
245 ## - TITLE STATEMENT
Title Histories and Historiography of Northeast India
Statement of responsibility, etc. ed. by J.B. Bhattacharjee
250 ## - EDITION STATEMENT
Edition statement 1st.
260 ## - PUBLICATION, DISTRIBUTION, ETC.
Place of publication, distribution, etc. Delhi:
Name of publisher, distributor, etc. Akansha Publishing House,
Date of publication, distribution, etc. 2012.
300 ## - PHYSICAL DESCRIPTION
Extent ix,282p.
653 ## - INDEX TERM--UNCONTROLLED
Uncontrolled term South Asia India
653 ## - INDEX TERM--UNCONTROLLED
Uncontrolled term Historians and Historiography of NorthEast India
942 ## - ADDED ENTRY ELEMENTS (KOHA)
Koha item type Books
Holdings
Withdrawn status Lost status Damaged status Not for loan Home library Current library Shelving location Date acquired Total checkouts Full call number Barcode Date last seen Copy number Price effective from Koha item type
        Naharkatiya College Library Naharkatiya College Library General stacks 09/19/2020   907.202 | HIS 20776 09/19/2020 1 09/19/2020 Books